[Event "Smederevska Palanka"]
[Site "Smederevska Palanka"]
[Date "1980.06.??"]
[Round "?"]
[White "Jansa, Vlastimil"]
[Black "Rajkovic, Dusan"]
[Result "1-0"]
[WhiteElo "2495"]
[BlackElo "2490"]
[Annotator "ChessBase"]
[PlyCount "47"]
[EventDate "1980.06.03"]
[EventType "tourn"]
[EventRounds "13"]
[EventCountry "YUG"]
[EventCategory "8"]
[SourceTitle "EXT 1999"]
[Source "ChessBase"]
[SourceDate "1998.11.16"]
[SourceVersion "1"]
[SourceVersionDate "1998.11.16"]
[SourceQuality "1"]

1. e4 c5 2. Nf3 e6 3. d4 cxd4 4. Nxd4 Nc6 5. Nc3 a6 6. Be2 Nge7 7. f4 b5 8. O-O
Nxd4 9. Qxd4 Bb7 10. f5 $1 Nc6 11. Qf2 Qc7 12. Bf4 Bd6 13. fxe6 fxe6 14. Bxd6
Qxd6 15. Rad1 Qe7 16. Bxb5 (16. Qb6 $1) 16... axb5 17. Nxb5 O-O-O 18. Nd6+ Kc7
19. Qg3 e5 20. Qb3 Ba6 21. Rf7 Qg5 22. c4 Nd4 23. Qa3 Qg4 24. Rxd4 (24. Rxd4
exd4 25. Qc5+ Kb8 26. Qb6+ Ka8 27. Qxa6+ Kb8 28. Qb7#) 1-0

[Event "Interzonal-13c"]
[Site "Biel"]
[Date "1985.07.06"]
[Round "4"]
[White "Martin Gonzalez, Angel"]
[Black "Sokolov, Andrei"]
[Result "0-1"]
[WhiteElo "2430"]
[BlackElo "2555"]
[Annotator "ChessBase"]
[PlyCount "56"]
[EventDate "1985.07.02"]
[EventType "tourn"]
[EventRounds "17"]
[EventCountry "SUI"]
[EventCategory "12"]
[SourceTitle "IZT"]
[Source "ChessBase"]
[SourceDate "1999.07.01"]
[SourceVersion "1"]
[SourceVersionDate "1999.07.01"]
[SourceQuality "1"]

1. e4 c5 2. Nf3 e6 3. d4 cxd4 4. Nxd4 Nc6 5. Nc3 a6 6. f4 Nxd4 7. Qxd4 b5 8.
Be2 Bb7 9. O-O Rc8 10. Qd3 b4 11. Nd1 Nf6 12. e5 Nd5 13. f5 Qh4 $6 14. Kh1 Bc5
15. Bf3 O-O 16. c4 bxc3 17. Nxc3 Nb4 18. Qe2 Nc6 19. Be3 $2 (19. Bxc6 $142 $14)
19... Bxe3 20. Qxe3 exf5 21. Bd5 Rce8 22. Qb6 Ba8 23. Qc7 g6 24. Qxd7 Re7 25.
Qd6 Nxe5 26. Qxa6 Ng4 27. Qd6 Re5 28. h3 Rd8 0-1

[Event "Interzonal-13b"]
[Site "Taxco"]
[Date "1985.06.13"]
[Round "3"]
[White "Balashov, Yuri S"]
[Black "Spraggett, Kevin"]
[Result "1/2-1/2"]
[WhiteElo "2495"]
[BlackElo "2560"]
[Annotator "ChessBase"]
[PlyCount "91"]
[EventDate "1985.06.11"]
[EventType "tourn"]
[EventRounds "15"]
[EventCountry "MEX"]
[EventCategory "11"]
[SourceTitle "IZT"]
[Source "ChessBase"]
[SourceDate "1999.07.01"]
[SourceVersion "1"]
[SourceVersionDate "1999.07.01"]
[SourceQuality "1"]

1. e4 c5 2. Nf3 e6 3. d4 cxd4 4. Nxd4 Nc6 5. Nc3 a6 6. Be3 Nf6 7. Bd3 d5 8.
exd5 exd5 9. Qe2 Be7 10. f3 O-O 11. Qf2 Ne5 $1 12. O-O Nxd3 13. cxd3 Bd6 $10
14. Nde2 Bf5 $6 (14... Bc7 $5) 15. Rad1 Re8 16. Bb6 Qe7 17. Rfe1 Be6 18. Qh4
Qd7 19. Nf4 Rac8 20. Bd4 $14 Bc5 21. Bxc5 Rxc5 22. Nfe2 (22. d4 $14) 22... Rcc8
23. Qd4 Bf5 24. Nf4 Rxe1+ 25. Rxe1 Re8 26. Rxe8+ Qxe8 27. Kf2 Be6 28. Qe5 (28.
Nfxd5 $4 Nxd5 29. Nxd5 Qd8 $19) 28... Qc8 29. Qd6 h6 30. h3 Kh7 31. a3 Ne8 32.
Qb6 Qd7 33. Qc5 Nf6 34. Qb6 Ne8 35. Qd4 Nf6 36. b4 Qc7 37. a4 a5 38. b5 Qd6 39.
Nfe2 Ne8 40. Nd1 Nf6 41. Ne3 Qa3 42. f4 Qa2 43. g4 Kg8 44. Kf3 Qb1 45. Ng3 Qg1
46. f5 1/2-1/2

[Event "Yerevan Petrosian Memorial"]
[Site "Yerevan"]
[Date "1986.??.??"]
[Round "?"]
[White "Mnatsakanian, Eduard A"]
[Black "Taimanov, Mark E"]
[Result "0-1"]
[WhiteElo "2430"]
[BlackElo "2500"]
[Annotator "ChessBase"]
[PlyCount "52"]
[EventDate "1986.05.15"]
[EventType "tourn"]
[EventRounds "15"]
[EventCountry "URS"]
[SourceTitle "EXT 1999"]
[Source "ChessBase"]
[SourceDate "1998.11.16"]
[SourceVersion "1"]
[SourceVersionDate "1998.11.16"]
[SourceQuality "1"]

1. e4 c5 2. Nf3 e6 3. d4 cxd4 4. Nxd4 Nc6 5. Nc3 a6 6. g3 Nge7 7. Bg2 Nxd4 8.
Qxd4 Nc6 9. Qd1 Be7 10. O-O O-O 11. Be3 b5 12. f4 Bb7 13. Qe2 Rc8 14. Qf2 Na5
15. Nd1 (15. Bb6 Qxb6 16. Qxb6 Bc5+ 17. Qxc5 Rxc5 $15) 15... Nc4 16. Bd4 f6 17.
c3 e5 18. Ba7 Qc7 19. Kh1 Bc6 20. Be3 Qb7 21. Qc2 d5 22. exd5 Bxd5 23. Bxd5+
Qxd5+ 24. Qg2 Rfd8 25. fxe5 $2 Qxg2+ 26. Kxg2 Rxd1 0-1

[Event "Dortmund SuperGM 36th"]
[Site "Dortmund"]
[Date "2008.07.02"]
[Round "4"]
[White "Naiditsch, Arkadij"]
[Black "Mamedyarov, Shakhriyar"]
[Result "1/2-1/2"]
[WhiteElo "2624"]
[BlackElo "2752"]
[Annotator "Erenburg,S"]
[PlyCount "82"]
[EventDate "2008.06.28"]
[EventType "tourn"]
[EventRounds "7"]
[EventCountry "GER"]
[EventCategory "18"]
[SourceTitle "CBM 125"]
[Source "ChessBase"]
[SourceDate "2008.07.30"]
[SourceVersion "1"]
[SourceVersionDate "2008.07.30"]
[SourceQuality "1"]

{[%mdl 4]} 1. e4 c5 2. Nf3 e6 3. d4 cxd4 4. Nxd4 Nc6 5. Nc3 a6 {This line is
considered the most flexible one in the Sicilian, as Black keeps open all his
options for development.} 6. Nxc6 bxc6 7. Bd3 d5 8. O-O Nf6 9. Re1 Be7 10. e5
Nd7 11. Qg4 {White prevents Black from castling by using his advantage in
development.} g6 12. Na4 {covering the c5-square and preparing to play c2-c4
at some point.} Qa5 {[%csl Re1][%cal Ra5e1]} 13. Bh6 c5 {Black doesn't have to
trade queens, since his king is quite safe in the centre. No clear way to get
an advantage after Qb4 and the following trade of the queens was shown.
However, Black has no real winning chances there, which is obviously
unacceptable for Shakhriyar.} (13... Qb4 14. Qxb4 Bxb4 15. c3 Ba5 {transfering
the bishop to c7.} (15... Bf8 {proved to be bad for Black:} 16. Bxf8 Rxf8 17.
c4 Ke7 18. cxd5 cxd5 19. Rac1 Ra7 20. b4 Bb7 21. f4 Rc8 22. Rxc8 Bxc8 23. Rc1
Kd8 24. Kf2 {1-0 Carlsen,M (2625)-Vescovi,G (2633)/Wijk aan Zee 2006 (39)}) 16.
b4 Bc7 17. f4 a5 18. b5 Nb6 19. Nxb6 Bxb6+ 20. Kf1 cxb5 $6 ({Better is} 20...
c5 21. c4 Bb7 22. Rad1 O-O-O 23. Bg5 Rd7 24. Bf6 Re8 {with a passive, but very
solid position.}) 21. Bxb5+ Bd7 22. Rab1 Bxb5+ (22... Rb8 23. c4 Ba7 24. Ba6
Bc6 25. cxd5 exd5 26. f5 Rxb1 27. Rxb1 Kd7 28. Rc1 $14 {[%cal Ye5e6] 1-0
Bacrot,E (2725)-Rublevsky,S (2652)/Khanty Mansiysk 2005 (40)}) 23. Rxb5 Bc7 (
23... Bd8 24. c4 dxc4 25. Rc5 $16) 24. c4 $1 $36 {1-0 Ponomariov,R (2723)
-Rublevsky,S (2665)/Poikovsky 2006/CBM 112/[Ftacnik] (50)}) 14. b3 c4 15. Bf1
Bb7 16. Qg3 $5 $146 {[%csl Ge1,Ye5][%cal Yg3e5,Ye1b1] According to my database,
this continuation is a novelty. The idea behind this move is to protect
White's e5 outpost, which will let the e1 rook join the battle on the
queenside.} ({In the preceding games White has tried to create immediate
threats on the kingside with} 16. Re3 Bc6 17. Qf4 Bxa4 (17... Qc7 18. Nb2 Bc5
19. Re2 Rb8 20. Nd1 Qa5 {1/2-1/2 Khairullin,I (2543)-Svidler,P (2750)/Moscow
2006/CBM 116}) 18. Rf3 O-O-O 19. Qxf7 Rhe8 20. bxa4 Bc5 (20... Bf8 {is bad:}
21. Bxf8 Nxe5 (21... Nxf8 22. Qa7 $18) 22. Qa7 Nxf3+ 23. gxf3 Qc7 (23... Rxf8
24. Rb1 $18) 24. Qxa6+ $18) 21. Rb1 $6 (21. Qf4 $142 $1 $13) 21... Qxa4 22. Bg5
Qc6 $6 (22... Qxc2 $1 23. Bxd8 Rxd8 24. Qxe6 Qxb1 25. Qxd5 Qb7 26. Qxc4 Qc6)
23. Bxd8 Nxe5 24. Rb8+ Kxb8 25. Bc7+ Qxc7 26. Qxe8+ Qc8 27. Qxc8+ Kxc8 28. Rh3
Ng4 29. Rf3 Ne5 30. Rh3 Ng4 31. Rf3 {1/2-1/2 Carlsen,M (2698)-Mamedyarov,S 
(2728)/Moscow 2006/CBM 116}) 16... Bc6 {driving away the knight to a passive
position and opening the b-file for the rook.} 17. Nb2 Rb8 (17... Bb4 $5 {
deserves serious attention:} 18. Re3 (18. Reb1 $6 Bc3 19. bxc4 (19. f4 $2 Bd4+
20. Kh1 Nc5 21. b4 Qxb4 22. Nxc4 Ne4) 19... Bxe5 $15) (18. Re2 Bc3 19. Rb1 Bd4
(19... Qxa2 $2 20. Qxc3 Qxb1 21. Nxc4 dxc4 22. Re1 $18) 20. Nd1 Qxa2 21. Rc1
$13) 18... Qa3 19. Nd1 d4 20. Re2 $13) 18. Reb1 {threatening with the capture
on c4.} Bf8 $1 {White's pieces are miscoordinated on the queenside, so Black
can afford to sacrifice a pawn. Meanwhile, Black completes the development of
the kingside.} (18... c3 $2 {would only improve White's position after} 19. Nd3
$16) 19. Bxf8 (19. Bf4 {isn't better than the move played in the game. For
example:} Bg7 20. bxc4 O-O $44 {and White has too many weaknesses.}) 19... Kxf8
20. bxc4 Kg7 $44 {Finally, Black's forces are all in the game, and they are
better coordinated than White's ones. In my opinion, Black has full
compensation for the pawn.} 21. a3 $1 {[%csl Ya3][%cal Yg3a3] White is trying
to locate his queenside pawns the way they will be protected. I haven't found
a clear way to equalize for White after the following continuations:} (21. cxd5
Bxd5 22. Qe3 (22. c4 Be4 23. Bd3 Bc6 24. f4 Nc5 $17) 22... Rhc8 {leads to 21.
Qe3 variation.}) (21. Qe3 Rhc8 22. cxd5 Bxd5 23. c4 Ba8 24. f4 Nc5 25. Nd1 Rxb1
26. Rxb1 Qxa2 27. Nc3 Qa5 $15 {/=. Black's chances are slightly better thanks
to the potentially passed a-pawn.}) 21... Rhc8 (21... Rb7 $6 {[%cal Yh8b8] is
refuted by} 22. cxd5 Bxd5 23. Nc4 $1 Rxb1 24. Nxa5 Rxa1 25. Qc3 Rd1 26. f3 $14)
22. Qe3 {centralizing the queen.} Rc7 {intending to double the rooks along the
b-file.} 23. cxd5 Bxd5 24. c4 Ba8 {[%csl Rb2,Re5][%cal Gc7b7] Now the e5 pawn
is under attack.} 25. Nd3 Rxb1 26. Rxb1 Rxc4 (26... Qxa3 {is met by} 27. Qd4 {
[%cal Yb1a1] and finally, White's pieces are all active.}) 27. Nb4 (27. Qa7 Qd5
28. Rb4 Rxb4 (28... Rc3 29. Rd4) 29. Nxb4 $11) 27... Rc8 (27... Re4 {loses in
view of} 28. Qa7 $1 Qxa3 29. Qxd7 Rxb4 30. Qe7 a5 31. Rd1 $1 $18) 28. Re1 $2 {
Probably Arkady overevaluated his chances. Objectively, White has no reasons
to believe his position is better.} ({White should have played} 28. Bxa6 Rb8
29. Be2 Nxe5 $11) 28... Bb7 {Now it turns out that Black's chances are
preferable, thanks to more active pieces. White's forces cannot be activated,
since they have to protect the e5-pawn. Most likely, White will have to play
f2-f4, which will make Black's dark-squared bishop even more powerful.} 29. h4
h5 30. f4 Nb6 $15 {[%csl Gb6,Yb7,Rg1][%cal Yb7h1] Black has got a slight
advantage, thanks to the safer position of his monarch and a more active
bishop.} 31. Rc1 $1 {It is usually a good idea to exchange pieces in a worse
position.} Nd5 32. Nxd5 Rxc1 33. Qxc1 Qxd5 34. Qe3 a5 35. Kf2 $6 {allowing
Black to regroup his forces with tempo.} ({Better was} 35. Kh2 $15 {with the
idea of meeting} Qa2 {with} 36. Be2 $11 {[%cal Ye2f3]}) 35... Qa2+ 36. Kg1 (36.
Be2 $4 {loses after} Ba6 $19) 36... Qb2 $2 {Probably Black was in time trouble
or White was short on time and Shakhriyar tried to play on that fact. In any
case, after 36...Qb2 White gets an opportunity to activate his passive bishop.}
({It looks like that after} 36... Bd5 $1 {[%cal Yd5b3] Black's chances to win
the game would be significant. For instance:} 37. g3 (37. Be2 Bb3) (37. Kh2 Bb3
38. Qc5 Qd2) (37. Qc3 Qb1 $1 38. Kf2 Qb6+ 39. Kg3 a4 $17) 37... a4 $17) 37. Be2
$1 Bd5 38. Bf3 $11 {Now with precise play White gets a draw.} Bb3 (38... a4 {
doesn't change too much:} 39. Bxd5 exd5 40. Kh2 $1 ({Of course not} 40. e6 $2
fxe6 41. Qxe6 Qc1+ $19) 40... d4 41. Qe4 Qf2 42. Kh3 $11) 39. Qc5 Qd2 40. g3 a4
({Black doesn't get anything special after} 40... Bd5 41. Bxd5 exd5 42. Qe7 (
42. e6 Qe1+ 43. Kg2 Qxe6 44. Qxa5 Qe2+ 45. Kg1 Qf3) 42... Qd4+ 43. Kh1 Qb6 44.
Kg2 (44. Qd7 Qf2) 44... Qc6 45. Kf2 d4 46. e6 $11) 41. Bg2 Qd1+ 1/2-1/2

[Event "Nations Cup Online Prelim"]
[Site "Chess.com INT"]
[Date "2020.05.06"]
[Round "4.2"]
[White "Firouzja, Alireza"]
[Black "Artemiev, Vladislav"]
[Result "1/2-1/2"]
[WhiteElo "2728"]
[BlackElo "2716"]
[Annotator "Firouzja,A"]
[PlyCount "154"]
[EventDate "2020.05.05"]
[EventType "team-tourn"]
[EventRounds "10"]
[EventCountry "USA"]
[SourceTitle "CBM 196"]
[Source "ChessBase"]
[SourceDate "2020.06.30"]
[SourceVersion "1"]
[SourceVersionDate "2020.06.30"]
[SourceQuality "1"]
[WhiteTeam "Rest of the World"]
[BlackTeam "Russia"]
[BlackTeamCountry "RUS"]

{[%evp 0,154,19,29,40,50,48,51,27,21,21,27,77,67,66,67,80,85,65,76,54,29,13,17,
5,17,16,-29,78,-1,26,48,13,23,12,16,-27,-23,22,14,-8,-8,-8,-8,4,0,9,9,-5,-5,-1,
0,10,0,0,6,26,23,22,20,16,9,13,-1,107,76,73,90,94,97,96,123,135,132,135,144,
147,147,130,117,162,162,161,147,133,136,159,121,137,29,56,38,129,108,99,98,99,
90,81,55,73,113,105,107,96,65,73,64,73,61,73,73,73,34,73,73,73,73,73,38,73,33,
41,49,73,68,99,98,98,98,107,54,54,36,43,37,21,10,11,11,0,0,0,0,0,0,0,0,0,0,0,0,
0,0,0,0,0]} 1. e4 c5 2. Nf3 e6 3. d4 cxd4 4. Nxd4 Nc6 5. Nc3 a6 6. g3 Nxd4 {
A side line.} (6... Qc7 {and}) (6... d6 {are the main moves.}) 7. Qxd4 b5 8.
Bg2 Bb7 9. O-O Ne7 {This knight manoeuvre is so famous in Paulsen structures.}
10. a4 Nc6 11. Qd1 b4 12. Nd5 $5 {Still these are typical moves for this line
and my opponent was well prepared for this.} Bc5 $1 (12... exd5 13. exd5 $16 {
with a dangerous attack for White.}) 13. Qg4 $1 {The most concrete move.} O-O
14. Bh6 Bd4 $1 {The only way to defend the g7-pawn!} 15. c3 (15. Rad1 Bxb2 16.
c3 Bxc3 $1 {was a nice trick:} 17. Nxc3 Qf6 {Double attack!}) 15... bxc3 16.
bxc3 Be5 $5 17. f4 $2 {I had to include the rook first!} (17. Rab1 Rb8 18. f4
Bf6 19. Nb6 $1 $16 {with a promising postion for White!}) 17... Bf6 18. e5 {
No Nb6 anymore!} (18. Nb6 $2 Qxb6+) (18. Rab1 {This was still best but not as
strong as on the previous move!} exd5 19. Rxb7 Na5 $11) 18... exd5 19. exf6
Qxf6 20. Bg5 Qxc3 $15 {Now it's Black who could exert a little pressure.} 21.
Qxd7 Rab8 22. Rac1 Qe3+ 23. Kh1 Qe6 $6 {This is just good for equalising!} (
23... h6 24. Bh4 Na5 $15) 24. Qxd5 Qxd5 25. Bxd5 $11 Nd4 26. Bxb7 Rxb7 27. f5
h6 {I didnt like this move for him because now I get some chances to attack on
the kingside!} (27... f6 $1 28. Be3 Rd8 $11) 28. Be3 Rd8 29. Rc4 Rbd7 30. f6 $5
g5 31. h4 $5 {Here we both had very little time on the clock!} gxh4 $2 {
Underestimating the next move!} (31... Rd5 $11 {is still good enough for Black.
}) 32. Rf4 $1 Ne6 33. Rxh4 Nf8 34. Bxh6 Ng6 35. Rhe4 $14 Rd6 $2 (35... Rd1+ 36.
Kg2 R8d6 {was better!}) 36. Kg2 $16 {Now Black should play a little passively.}
Rb8 37. Bg5 Rd5 38. Be3 Rb2+ 39. Kh3 Rh5+ 40. Kg4 Rd5 41. Bd4 Rd2 42. Bc3 R2d3
43. Rc8+ Kh7 44. Rc7 $2 {Logical but a mistake!} (44. Re1 $1 {preventing the
Kh6 move!} Rd8 45. Rc7 $1 $16) 44... Kh6 45. Kh3 Rf3 $6 (45... Rg5 46. Be1 Ne5
$11) 46. Kg2 Rfd3 47. Be1 Rd7 48. Rxd7 Rxd7 $11 {White still has some pressure,
but because of his passive king it should be a draw.} 49. Rc4 Rd6 50. Bc3 Kg5
51. Rc7 Rd3 52. Kf2 Kf5 53. Rc5+ Ke4 54. Rc4+ Kd5 55. Rc7 Ke4 56. Ba1 Rd1 57.
Bc3 Rd3 58. Rc6 Kd5 {And Black is playing the right way, not allowing the
white pieces to be active!} 59. Rc8 Ke4 60. Re8+ Kf5 61. Re3 Rd1 62. Ke2 Rb1 $2
{A mistake, but not a huge surprise with 10 seconds on both sides' clocks!} 63.
Kd3 Rb8 64. Kc4 Rc8+ 65. Kd5 $6 (65. Kb4 $16) 65... Nf8 $1 {Now Black finds
the ideal setup!} 66. Re5+ Kg6 67. Re3 Nd7 68. Rf3 Nb6+ 69. Kd6 Nxa4 70. Bd4
Rd8+ 71. Ke5 Rb8 72. Rf4 Rb5+ 73. Kd6 Nb6 74. Rg4+ Kf5 75. Rf4+ Kg6 76. Rg4+
Kf5 77. Rf4+ Kg6 1/2-1/2

[Event "Abu Dhabi op 23rd"]
[Site "Abu Dhabi"]
[Date "2016.08.27"]
[Round "7"]
[White "Andreikin, Dmitry"]
[Black "Zubov, Alexander"]
[Result "1-0"]
[WhiteElo "2733"]
[BlackElo "2606"]
[Annotator "Fischer,J"]
[PlyCount "87"]
[EventDate "2016.08.21"]
[EventType "swiss"]
[EventRounds "9"]
[EventCountry "UAE"]
[SourceTitle "CBM 174 Extra"]
[Source "ChessBase"]
[SourceDate "2016.10.10"]
[SourceVersion "1"]
[SourceVersionDate "2016.10.10"]
[SourceQuality "1"]

1. e4 c5 2. Nf3 e6 3. d4 cxd4 4. Nxd4 a6 5. Nc3 Nc6 6. Bf4 d6 7. Nxc6 bxc6 8.
Qd2 d5 9. O-O-O Nf6 10. g4 Bb4 11. Bg2 O-O $146 {A new move in a position that
Andreikin had played before - but with White.} ({Andreikin here preferred} 
11... Qa5 {and play continued with} 12. g5 Nd7 13. a3 Bxc3 14. Qxc3 Qxc3 15.
bxc3 Nb6 16. Rhe1 Bb7 17. Bc7 Na4 18. Ba5 O-O 19. Rd4 c5 20. Rxa4 Bc6 21. exd5
Bxa4 22. dxe6 fxe6 23. Bxa8 Rxa8 24. Rxe6 Rf8 25. Rxa6 Rxf2 26. Bb6 Rxc2+ 27.
Kb1 Rxc3 28. Rxa4 Rb3+ 29. Kc2 Rxb6 30. Rc4 Rc6 31. Rf4 h6 32. gxh6 g5 33. Rf5
Rxh6 34. Rxg5+ Kf7 35. Rxc5 Rxh2+ 36. Kb3 Ke6 37. Kb4 Kd6 38. Rc3 Rb2+ 39. Ka5
Kd7 40. Ka6 Rb1 41. a4 {Ganguly,S (2652)-Andreikin,D (2720) Berlin 2015 1/2-1/2
}) 12. g5 Nd7 13. a3 Ba5 14. h4 Re8 ({The attempt to win a piece with} 14... e5
$2 {does not work. After} 15. exd5 exf4 16. dxc6 Ne5 17. Qxd8 Bxd8 18. c7 {
White regains the material he sacrificed and is clearly better.}) 15. Bg3 Bb7 {
[#]} 16. h5 $5 {White gives a pawn to push his attack.} Bxc3 17. Qxc3 Qxg5+ 18.
Kb1 Qf6 19. e5 Qd8 20. Bh4 Qc7 21. f4 {White is a pawn down but the open
g-file and the black-squared bishop give him good attacking chances and
definitely adequate compensation.} Kh8 $2 {Black wants to put his king on a
safer square but lands in trouble.} ({Better was} 21... c5 {with dynamic
equality.}) 22. h6 g6 {[#]} 23. Bxd5 $1 {Perhaps Black overlooked this
tactical stroke when he played 21...Kh8?.} c5 ({Black cannot take the bishop.
After} 23... exd5 24. e6+ f6 25. exd7 {White is winning.}) 24. Bxb7 Qxb7 25. f5
$1 {White regained the pawn and continues to attack vigorously.} Rab8 26. Rhg1
Nb6 27. Bf6+ Kg8 28. fxg6 fxg6 29. Qd3 Nd5 {[#]} 30. b3 {Modest and strong.} ({
After the tempting} 30. Rxg6+ hxg6 31. Qxg6+ Kf8 {White has no clear win
because he has to parry Black's mating threat on b2 before he can continue his
attack against Black's king.}) 30... Nxf6 31. exf6 Qf7 32. Qxa6 e5 ({After} 
32... Qxf6 33. Qa7 {White is better: c5 is hanging and White is threatening 34.
Rgf1.}) 33. Rg3 e4 34. Re3 Ra8 35. Qc6 Rac8 36. Qd7 Ra8 37. a4 Ra6 38. Qb5 Rxf6
39. Rxe4 {A fine tactical shot finishes the game. Black resigned. After} Rxe4
40. Rd8+ Qf8 41. Qb7 Re1+ 42. Kb2 Rf7 43. Rxf8+ Kxf8 44. Qc8+ {Black's
position is hopeless.} 1-0

[Event "Leon"]
[Site "Leon"]
[Date "1994.??.??"]
[Round "2"]
[White "De la Villa Garcia, Jesus Maria"]
[Black "Sion Castro, Marcelino"]
[Result "1/2-1/2"]
[WhiteElo "2470"]
[BlackElo "2380"]
[Annotator "Franco"]
[PlyCount "59"]
[EventDate "1994.05.??"]
[EventType "tourn"]
[EventRounds "9"]
[EventCountry "ESP"]
[EventCategory "12"]
[SourceTitle "CBM 042"]
[Source "ChessBase"]
[SourceDate "1994.10.01"]
[SourceVersion "1"]
[SourceVersionDate "1994.10.01"]
[SourceQuality "1"]

1. e4 c5 2. Nf3 e6 3. d4 cxd4 4. Nxd4 Nc6 5. Nc3 a6 6. Bf4 d6 7. Nf3 b5 8. Qd2
Nf6 (8... Ra7 $5) 9. a3 Ra7 (9... h6 $5 {/\ e5}) 10. Be2 Rd7 11. O-O Be7 12.
Rad1 Bb7 13. h3 O-O 14. Qe3 Qa8 $1 {/\ d5} 15. Rfe1 Rc8 16. Bf1 Na5 17. Nd2 h6
$5 {/\ Nh5} 18. Be2 Kf8 $2 (18... Kh8 $1) (18... e5 19. Bh2 Rdc7 $15) 19. Bxh6
$1 gxh6 20. Qxh6+ Kg8 21. Bd3 (21. Bxb5 $2 Bf8 $1 22. Qxf6 Bg7 $19) 21... Rxc3
22. Re3 $1 (22. bxc3 $6 Qf8 $1) 22... Rxd3 23. cxd3 Nh7 24. Rg3+ Ng5 {[#]} 25.
Rxg5+ $6 (25. h4 $1 Qf8 26. Qh5 f6 27. hxg5 fxg5 28. Nf3 $36) 25... Bxg5 26.
Qxg5+ Kf8 27. Qh6+ Ke8 28. Qh8+ Ke7 29. Qh4+ Kf8 30. Qh6+ 1/2-1/2